| 000 | 01251cam a22002054a 4500 | ||
|---|---|---|---|
| 005 | 20250605164121.0 | ||
| 008 | 250528s ||||||||||||||||||||||||d | ||
| 035 | _a18256 | ||
| 020 | _a716736780 | ||
| 040 |
_aGR-AtMCL _bgre _dGR-AtMCL _eAACR2 |
||
| 245 | 1 | _aCognitive Psychology and Its Implications / Fifth Edition | |
| 250 | _a5th | ||
| 260 |
_bWorth Publishers, Inc, _c2000 |
||
| 300 | _a544 | ||
| 520 | _aThe writer in this book addresses the theoretical foundations of cognitive psychology fully and coherently, presenting clear, cogent analyses of significant issues in the field such as knowledge representation, information processing, and cognitive neuroscience. Preface, The Science of Cognition, Perception, Attention and Performance, Perception-Based Knowledge Representations, Meaning-Based Knowledge Representations, Human Memory: Encoding and Storage, Human Memory: Retention and Retrieval, Problem Solving, Development of Expertise, Reasoning and Decision Making, Language Structure, Language Comprehension, Individual Differences in Cognition, Conclusions, Remarks and Suggested Readings, Glossary, References, Name and Subject Index. | ||
| 700 | 1 |
_aAnderson John R. _94536 |
|
| 942 | _cBK | ||
| 999 |
_c3628 _d3628 |
||